[Event "27th Open"]
[Site "Cappelle la Grande FRA"]
[Date "2011.02.28"]
[Round "4"]
[White "Matjushin,G"]
[Black "Valuet,B"]
[Result "1-0"]
[WhiteElo "2490"]
[BlackElo "2307"]
[EventDate "2011.02.26"]

1. g3 e5 2. Bg2 d5 3. d3 Nc6 4. Nf3 Be6 5. O-O Qd7 6. Nc3 h6 7. a3 d4 8.
Ne4 a5 9. c4 f5 10. Ned2 Nf6 11. Qb3 Bd6 12. Nh4 Nd8 13. Ng6 Rg8 14. f4
exf4 15. gxf4 a4 16. Qc2 Bf7 17. c5 Bxg6 18. cxd6 Qxd6 19. Nc4 Qc5 20. Bd2
Nd7 21. Bb4 Qb5 22. Bd6 Bf7 23. Bxc7 Bxc4 24. Qxc4 Qxc4 25. dxc4 Nf6 26.
Rad1 Ne6 27. Bb6 Rc8 28. c5 Rb8 29. Rc1 Ke7 30. Rc4 Nd7 31. Ba7 Ra8 32.
Rxa4 Ndxc5 33. Bxc5+ Nxc5 34. Rxd4 Rgd8 35. Rfd1 Ne6 36. Rxd8 Rxd8 37. Rxd8
Nxd8 38. Kf2 Kd6 39. b4 b6 40. Ke3 Ne6 41. h4 b5 42. h5 Nc7 43. Kd3 Ne8 44.
Kd4 Nf6 45. Bf3 Nd7 46. e3 Nf6 47. Be2 Ne4 48. Bxb5 g6 49. hxg6 Ke6 50. Bc6
1-0

[Event "27th Open"]
[Site "Cappelle la Grande FRA"]
[Date "2011.02.28"]
[Round "4"]
[White "Nikolova,A"]
[Black "Jovanic,O"]
[Result "1/2-1/2"]
[WhiteElo "2311"]
[BlackElo "2489"]
[EventDate "2011.02.26"]

1. e4 e5 2. Nf3 Nc6 3. Bb5 Nf6 4. O-O Nxe4 5. d4 Nd6 6. Bxc6 dxc6 7. dxe5
Nf5 8. Qxd8+ Kxd8 9. Nc3 Bd7 10. b3 h6 11. Bb2 Kc8 12. Rad1 b6 13. h3 Ne7
14. Rd2 c5 15. Rfd1 Be6 16. Rd8+ Kb7 17. Rxa8 Kxa8 18. Ne2 g5 19. Ng3 Kb7
20. Nh5 Kc8 21. a3 Ng6 22. g4 Be7 23. Ne1 Rg8 24. Ng2 a5 25. Bc3 Bd7 26.
Ne3 Re8 27. Nf5 Bf8 28. Nf6 Rd8 29. Nh7 Nf4 30. Kh2 c4 31. Nxf8 Rxf8 32.
bxc4 Be6 33. c5 h5 34. cxb6 cxb6 35. Ng7 hxg4 36. Rd6 Rh8 37. Nxe6 Rxh3+
38. Kg1 Nxe6 39. Bd2 b5 40. Be3 g3 41. Rb6 gxf2+ 42. Kxf2 Rh2+ 43. Kf3 Rh3+
44. Kf2 Nc7 45. Rc6 Kd7 46. Rd6+ Kc8 47. Rc6 Kb7 48. Rb6+ Ka8 49. Rc6 Nd5
50. Bxg5 Rxa3 51. Rc8+ Kb7 52. Rf8 Rc3 53. Rxf7+ Kc6 54. e6 Rxc2+ 55. Kf3
b4 56. e7 Nxe7 57. Bxe7 b3 58. Bf6 a4 59. Ra7 Ra2 60. Ke3 a3 61. Ra8 Kc7
62. Ra4 Kc6 63. Ra8 Kd5 64. Kd3 Ke6 65. Bd4 Kf5 66. Rc8 Kg4 67. Rg8+ Kf4
68. Rf8+ Kg3 69. Rg8+ Kf4 70. Rf8+ Kg4 71. Rb8 b2 72. Kc2 Kf5 73. Bxb2
Rxb2+ 74. Rxb2 axb2 75. Kxb2 1/2-1/2

[Event "27th Open"]
[Site "Cappelle la Grande FRA"]
[Date "2011.02.28"]
[Round "4"]
[White "Hildenbrand,P"]
[Black "Arnaudov,G"]
[Result "0-1"]
[WhiteElo "2203"]
[BlackElo "2489"]
[EventDate "2011.02.26"]

1. d4 Nf6 2. Nf3 e6 3. e3 b6 4. Nbd2 Bb7 5. Bd3 d5 6. Ne5 Bd6 7. f4 O-O 8.
Qf3 Ba6 9. Bxa6 Nxa6 10. c3 c5 11. g4 Nd7 12. g5 b5 13. h4 b4 14. Qe2 Nab8
15. Qg4 bxc3 16. bxc3 cxd4 17. exd4 Qc7 18. g6 hxg6 19. Bb2 Nf6 20. Qf3
Nbd7 21. h5 Nxh5 22. Rxh5 gxh5 23. Qxh5 Rab8 24. Nb3 Nf6 25. Qh3 Ne4 26.
O-O-O Nf2 27. Qh4 Nxd1 28. Kxd1 a5 29. Bc1 Bxe5 30. fxe5 Qxc3 0-1

[Event "27th Open"]
[Site "Cappelle la Grande FRA"]
[Date "2011.02.28"]
[Round "4"]
[White "Przezdziecka,E"]
[Black "Haub,TM"]
[Result "1/2-1/2"]
[WhiteElo "2127"]
[BlackElo "2489"]
[EventDate "2011.02.26"]

1. d4 g6 2. Nf3 Bg7 3. c3 d6 4. Bg5 Nd7 5. Nbd2 h6 6. Bh4 Ngf6 7. e4 e5 8.
Bd3 O-O 9. O-O Qe8 10. Re1 Nh5 11. a4 Nf4 12. Bf1 Kh8 13. Bg3 Nh5 14. Nc4
Nxg3 15. hxg3 Nb6 16. dxe5 dxe5 17. Ne3 a5 18. g4 Bd7 19. b3 Qe7 20. Qc2
Be6 21. Rad1 Rfd8 22. g3 Bf6 23. Rxd8+ Rxd8 24. Rd1 Rxd1 25. Qxd1 Kg7 26.
Nd2 Bg5 27. Nec4 Bxd2 28. Nxd2 Qd6 29. Be2 Qc5 30. Qc2 Nd7 31. Kg2 b6 32.
f3 c6 33. Bc4 Qe3 34. Nf1 Qe1 35. Bxe6 fxe6 36. Qd2 Qxd2+ 37. Nxd2 b5 38.
Kf2 Nc5 39. axb5 cxb5 40. Ke3 b4 41. cxb4 axb4 42. Nc4 Nxb3 43. Nxe5 Na1
44. Kd3 h5 45. g5 b3 46. Kc3 Nc2 47. Kxb3 Nd4+ 48. Kc3 Ne2+ 49. Kd2 Nxg3
50. Ke1 h4 51. Kf2 Nh5 52. Nd3 e5 53. Nxe5 Nf4 54. Kg1 Nh3+ 55. Kg2 Nxg5
56. f4 Nxe4 57. Kh3 g5 1/2-1/2

[Event "27th Open"]
[Site "Cappelle la Grande FRA"]
[Date "2011.02.28"]
[Round "4"]
[White "Louis,C"]
[Black "Zagrebelny,S"]
[Result "0-1"]
[WhiteElo "1902"]
[BlackElo "2481"]
[EventDate "2011.02.26"]

1. e4 c5 2. Ne2 d6 3. g3 Nc6 4. Bg2 g6 5. c3 Bg7 6. d4 cxd4 7. cxd4 Bg4 8.
f3 Bd7 9. Be3 e5 10. Nbc3 Nf6 11. d5 Ne7 12. O-O O-O 13. Qb3 b6 14. Nb5 Ne8
15. Qb4 Nc8 16. Rac1 a6 17. Na3 b5 18. Qd2 a5 19. Qd3 Nc7 20. Nc2 b4 21.
Ne1 Bb5 22. Qd2 Na6 23. Nd3 Nb6 24. b3 Nd7 25. Rc2 Qe7 26. Rfc1 Rfb8 27.
Kh1 Bf8 28. Ng1 Nac5 29. Nxc5 Nxc5 30. Nh3 a4 31. Bxc5 dxc5 32. Bf1 axb3
33. axb3 Bd7 34. Nf2 Ra3 35. Bc4 Rba8 36. Kg2 h5 37. Rb1 Ra1 38. Rxa1 Rxa1
39. Ra2 Bh6 40. Qc2 Rxa2 41. Qxa2 Be3 42. Nd3 Bd4 43. Nc1 h4 44. Ne2 h3+
45. Kf1 Be3 46. Ng1 Qf6 47. Be2 Bd4 48. Qd2 Qb6 49. Qa2 c4 0-1

[Event "27th Open"]
[Site "Cappelle la Grande FRA"]
[Date "2011.02.28"]
[Round "4"]
[White "Dumas,V"]
[Black "Sharapov,E"]
[Result "0-1"]
[WhiteElo "1898"]
[BlackElo "2468"]
[EventDate "2011.02.26"]

1. e4 c5 2. d4 cxd4 3. c3 dxc3 4. Nxc3 Nc6 5. Nf3 e6 6. Bc4 Qc7 7. O-O Nf6
8. Nb5 Qb8 9. e5 a6 10. Nd6+ Bxd6 11. exd6 O-O 12. Bf4 Nh5 13. Be3 b5 14.
Bb3 f5 15. Rc1 Na5 16. Ne5 Nf6 17. Rc7 Nxb3 18. axb3 Nd5 19. Qc1 Nxc7 20.
dxc7 Qb7 21. Rd1 d5 22. Qc5 b4 23. Qd6 Qb5 24. Rc1 a5 25. Rc6 d4 26. Bxd4
Qd5 0-1

[Event "27th Open"]
[Site "Cappelle la Grande FRA"]
[Date "2011.02.28"]
[Round "4"]
[White "Wirig,A"]
[Black "Wlodarczyk,C"]
[Result "1-0"]
[WhiteElo "2466"]
[BlackElo "2004"]
[EventDate "2011.02.26"]

1. c4 c5 2. g3 g6 3. Bg2 Bg7 4. Nc3 Nc6 5. d3 d6 6. Rb1 e5 7. a3 a5 8. Nf3
Nge7 9. Nd2 O-O 10. Nf1 Nf5 11. Ne3 Nxe3 12. Bxe3 Rb8 13. O-O Ne7 14. b4
Nf5 15. Qd2 Nxe3 16. Qxe3 f5 17. bxc5 f4 18. Qe4 dxc5 19. Qd5+ Qxd5 20.
Bxd5+ Kh8 21. Rb5 1-0

[Event "27th Open"]
[Site "Cappelle la Grande FRA"]
[Date "2011.02.28"]
[Round "4"]
[White "Burg,T"]
[Black "Maruejols,C"]
[Result "1-0"]
[WhiteElo "2448"]
[BlackElo "2002"]
[EventDate "2011.02.26"]

1. e4 c5 2. Nf3 d6 3. Nc3 Nf6 4. d4 cxd4 5. Nxd4 a6 6. Bg5 e6 7. f4 Be7 8.
Qf3 h6 9. Bh4 Qc7 10. O-O-O Nbd7 11. Be2 b5 12. Bxf6 Bxf6 13. Bxb5 Rb8 14.
Ba4 Qb6 15. Nb3 O-O 16. e5 Be7 17. exd6 Bf6 18. Ne4 Rd8 19. Bxd7 Bxd7 20.
Nxf6+ gxf6 21. Qg3+ Kh7 22. Qh4 1-0

[Event "27th Open"]
[Site "Cappelle la Grande FRA"]
[Date "2011.02.28"]
[Round "4"]
[White "Gopal,G"]
[Black "Pinho,P"]
[Result "1-0"]
[WhiteElo "2597"]
[BlackElo "2179"]
[EventDate "2011.02.26"]

1. e4 c5 2. Nf3 e6 3. d4 cxd4 4. Nxd4 Nf6 5. Nc3 d6 6. g4 Be7 7. g5 Nfd7 8.
h4 Nc6 9. Be3 O-O 10. Qd2 Nde5 11. Be2 a6 12. Nxc6 Nxc6 13. h5 b5 14. a3
Rb8 15. f4 Qa5 16. O-O Re8 17. Bf3 Qc7 18. g6 hxg6 19. hxg6 fxg6 20. Qg2
Bb7 21. Qxg6 Bf6 22. e5 Ne7 23. Qh5 Nf5 24. exf6 Nxe3 25. Bxb7 Qxb7 26. Rf3
Nf5 27. Rh3 Kf8 28. Qg6 Kg8 29. f7+ Qxf7 30. Rh8+ Kxh8 31. Qxf7 Re7 32. Qg6
Kg8 33. Ne4 1-0

[Event "27th Open"]
[Site "Cappelle la Grande FRA"]
[Date "2011.02.28"]
[Round "4"]
[White "Meneses Gonzalez,K"]
[Black "Radulski,J"]
[Result "1-0"]
[WhiteElo "2170"]
[BlackElo "2590"]
[EventDate "2011.02.26"]

1. e4 e5 2. Nf3 Nc6 3. Bb5 g6 4. d4 exd4 5. Bg5 Be7 6. Bxe7 Qxe7 7. O-O Nf6
8. Bxc6 dxc6 9. Qxd4 c5 10. Qd3 O-O 11. Nc3 Rd8 12. Qe2 Bg4 13. h3 Bxf3 14.
Qxf3 Qe5 15. Qe2 Nh5 16. Rad1 Rd4 17. Qe3 Rad8 18. Rfe1 c6 19. g3 b5 20.
Rd3 b4 21. Na4 Nf6 22. Nxc5 a5 23. Rxd4 Qxd4 24. Qd3 Nh5 25. Qxd4 Rxd4 26.
Nb3 Rc4 27. Re2 a4 28. Nc1 Ng7 29. Nd3 Ne6 30. b3 Rd4 31. bxa4 c5 32. f4
Rc4 33. Kf2 Rc3 34. Rd2 f5 35. exf5 gxf5 36. g4 c4 37. Nxb4 Nxf4 38. Rd8+
Kg7 39. gxf5 Nxh3+ 40. Ke2 Nf4+ 41. Kd2 Ra3 42. Rd4 c3+ 43. Ke3 Nh5 44.
Rd7+ Kh6 45. Ra7 Nf6 46. Kf4 Nh5+ 47. Ke5 Kg5 48. Ke6 Nf4+ 49. Ke5 Nh5 50.
Ra6 Nf4 51. f6 Ng6+ 52. Ke6 h5 53. f7 h4 54. Ra8 Nf4+ 55. Ke5 Ng6+ 56. Ke6
Nf4+ 57. Kd7 Ng6 58. Rg8 Kf6 59. Ke8 Rxa4 60. Nd5+ Kf5 61. Ne3+ Ke4 62.
Rxg6 Ra8+ 63. Ke7 Ra7+ 64. Kf6 1-0

[Event "27th Open"]
[Site "Cappelle la Grande FRA"]
[Date "2011.02.28"]
[Round "4"]
[White "Paleologu,V"]
[Black "Brodsky,M"]
[Result "0-1"]
[WhiteElo "2167"]
[BlackElo "2554"]
[EventDate "2011.02.26"]

1. e4 c5 2. Nf3 d6 3. d4 cxd4 4. Nxd4 Nf6 5. Nc3 a6 6. g3 e5 7. Nde2 Be7 8.
Bg2 Nbd7 9. Nd5 Nxd5 10. Qxd5 Nf6 11. Qd3 O-O 12. O-O b5 13. Nc3 b4 14. Nd1
a5 15. c4 bxc3 16. Nxc3 Ba6 17. Qf3 Bxf1 18. Bxf1 d5 19. exd5 e4 20. Qf5
Qb6 21. Bb5 g6 22. Qf4 Rac8 23. Be3 Bc5 24. Bxc5 Rxc5 25. Na4 Qxb5 26. Nxc5
Nxd5 27. Qd6 Qxb2 28. Rf1 Nf6 29. a4 Rc8 30. Ne6 Qc3 31. Nd4 Ne8 32. Qe5
Rd8 33. Rd1 Qb4 34. Qxe4 Qxa4 35. Rd3 Qb4 36. Qh4 Rd5 37. Re3 Rxd4 38.
Rxe8+ Kg7 39. Qg5 Rd1+ 40. Kg2 Qb7+ 41. f3 Rd5 42. Qc1 Qb4 43. Re2 a4 44.
Ra2 Rd4 45. Qa1 Kg8 46. Qc1 Kg7 47. Qa1 Kf8 48. Qc1 Rd3 49. Qc8+ Kg7 50.
Qc1 a3 51. h4 h5 52. Qg5 Qc3 53. Qf4 Rd1 54. Re2 Qa1 55. Qe3 a2 56. Qf2
Rg1+ 57. Kh2 Rh1+ 58. Kg2 Qg1+ 59. Qxg1 Rxg1+ 60. Kxg1 a1=Q+ 61. Kg2 Qd4
62. Rf2 Qe3 63. Rf1 Kf6 64. Rf2 Ke5 65. Ra2 Qe1 66. Rb2 Kd4 67. Ra2 Qe6 68.
Ra4+ Kd3 69. Rf4 Qa2+ 70. Kh3 Ke3 71. Rf6 Kf2 72. g4 Qa1 0-1

[Event "27th Open"]
[Site "Cappelle la Grande FRA"]
[Date "2011.02.28"]
[Round "4"]
[White "Mekhitarian,K"]
[Black "Bijlsma,N"]
[Result "1-0"]
[WhiteElo "2528"]
[BlackElo "2173"]
[EventDate "2011.02.26"]

1. d4 Nf6 2. c4 g6 3. Nf3 Bg7 4. g3 O-O 5. Bg2 d5 6. cxd5 Nxd5 7. O-O Nb6
8. Nc3 Nc6 9. e3 Re8 10. Re1 e5 11. d5 Na5 12. e4 c6 13. Bg5 Qd7 14. b3
cxd5 15. exd5 h6 16. Bd2 Nxd5 17. Nxe5 Rxe5 18. Rxe5 Bxe5 19. Nxd5 Nc6 20.
Bxh6 Qg4 21. Qxg4 Bxg4 22. Re1 Kh7 23. Bg5 Be6 24. Nf6+ Bxf6 25. Bxf6 Rc8
26. Re4 g5 27. Bxg5 Kg6 28. Be3 1-0

[Event "27th Open"]
[Site "Cappelle la Grande FRA"]
[Date "2011.02.28"]
[Round "4"]
[White "Roussel,C"]
[Black "Sepp,O"]
[Result "0-1"]
[WhiteElo "2163"]
[BlackElo "2485"]
[EventDate "2011.02.26"]

1. d4 Nf6 2. c4 g6 3. Nc3 Bg7 4. e4 d6 5. f3 O-O 6. Bg5 c5 7. d5 e6 8. Qd2
exd5 9. cxd5 a6 10. a4 Re8 11. Nge2 Nbd7 12. Nc1 h6 13. Be3 Nh7 14. Be2 f5
15. O-O g5 16. f4 fxe4 17. Bh5 Rf8 18. Nxe4 Ndf6 19. Ng3 Nxh5 20. Nxh5 Bh8
21. Nd3 Bf5 22. Ng3 g4 23. Rae1 Qd7 24. Nxf5 Rxf5 25. Nf2 Nf6 26. Qc2 h5
27. Rd1 Re8 28. Bc1 Bg7 29. g3 Rxd5 30. Rxd5 Nxd5 31. Qc4 Qf7 32. Bd2 Bd4
33. Rd1 Ne3 34. Qxf7+ Kxf7 35. Bxe3 Rxe3 36. Kg2 Re2 0-1

[Event "27th Open"]
[Site "Cappelle la Grande FRA"]
[Date "2011.02.28"]
[Round "4"]
[White "Brunner,N"]
[Black "Bacon,N"]
[Result "1-0"]
[WhiteElo "2478"]
[BlackElo "2165"]
[EventDate "2011.02.26"]

1. d4 Nf6 2. c4 e6 3. Nc3 Bb4 4. f3 c5 5. d5 b5 6. e4 O-O 7. cxb5 exd5 8.
exd5 d6 9. Bc4 Nbd7 10. Nge2 Bxc3+ 11. Nxc3 Nb6 12. b3 Re8+ 13. Kf2 a6 14.
Bb2 Bb7 15. Qd2 Nfd7 16. Qf4 Ne5 17. Rhd1 Qd7 18. Bf1 Ng6 19. Qg3 f5 20. f4
a5 21. h4 a4 22. h5 a3 23. hxg6 axb2 24. gxh7+ Kh8 25. Rab1 Qf7 26. Rxb2
Nxd5 27. Nxd5 Bxd5 28. Rbd2 Be4 29. Rxd6 Rxa2+ 30. Kg1 Ra7 31. Bc4 Qh5 32.
Rd7 Re7 33. Rd8+ Re8 34. Qg5 1-0

[Event "27th Open"]
[Site "Cappelle la Grande FRA"]
[Date "2011.02.28"]
[Round "4"]
[White "Smith,T"]
[Black "Smith,Ax"]
[Result "0-1"]
[WhiteElo "2143"]
[BlackElo "2451"]
[EventDate "2011.02.26"]

1. e4 c5 2. Nf3 d6 3. d4 cxd4 4. Nxd4 Nf6 5. Nc3 a6 6. f4 e5 7. Nf3 Nbd7 8.
a4 Be7 9. Bd3 O-O 10. O-O b6 11. Qe1 Bb7 12. Bd2 Nc5 13. Kh1 d5 14. fxe5
Nfxe4 15. Nd4 Bg5 16. Bxg5 Qxg5 17. Nf3 Qe7 18. b4 Nxd3 19. cxd3 Ng5 20.
Qh4 h6 21. Nxg5 Qxe5 22. Nxf7 Rxf7 23. Rxf7 Kxf7 24. d4 Qf6 25. Qh5+ Kg8
26. Nxd5 Qd6 27. Ne3 Qxd4 28. Rf1 Be4 29. Qf7+ Kh8 30. Nf5 Qb2 31. Nh4 Qxb4
32. Ng6+ Bxg6 33. Qxg6 Qxa4 34. Qxb6 Qb5 35. Qxb5 axb5 36. Rb1 Re8 37. Kg1
Re5 38. Kf2 Kg8 39. Rb4 Kf7 40. Rd4 Ke7 41. Kf3 Re6 42. Rb4 Rb6 43. Ke4 Kd6
44. Kd4 Rb7 45. Kc3 Kc5 46. Rf4 Re7 47. Rf5+ Kb6 48. Rf2 Re3+ 49. Kb4 Re4+
50. Kb3 Ka5 51. Ra2+ Ra4 52. Re2 Rb4+ 53. Kc3 Rg4 54. Ra2+ Ra4 55. Re2 Ra3+
56. Kb2 Rd3 57. Kc2 Rd5 58. Kb3 Rh5 59. h3 Rd5 60. Re3 h5 61. h4 Rd4 62. g3
Rg4 63. Rf3 Kb6 64. Re3 g6 65. Rc3 b4 66. Re3 Kc5 67. Rd3 Rd4 68. Rf3 Kd5
69. Re3 Re4 70. Rd3+ Ke5 71. Rf3 Rd4 72. Ka4 Rc4 73. Rf1 Rc3 74. Kxb4 Rxg3
75. Rh1 Kf4 76. Kc4 Kf3 0-1

[Event "27th Open"]
[Site "Cappelle la Grande FRA"]
[Date "2011.02.28"]
[Round "4"]
[White "Meng,R"]
[Black "Nikcevic,N"]
[Result "1-0"]
[WhiteElo "2132"]
[BlackElo "2430"]
[EventDate "2011.02.26"]

1. e4 g6 2. d4 Bg7 3. Nc3 c6 4. Be3 d5 5. f3 dxe4 6. fxe4 Nf6 7. Nf3 Qb6 8.
Qd2 Ng4 9. Bf4 e5 10. dxe5 Nd7 11. Na4 Qd8 12. O-O-O Qe7 13. Kb1 Ngxe5 14.
h4 h5 15. Bg5 f6 16. Nxe5 Nxe5 17. Be3 b6 18. Be2 Be6 19. Qc3 O-O 20. Bf4
Rac8 21. Rhg1 f5 22. Qg3 Kh7 23. Nc3 fxe4 24. Rge1 Bf5 25. Bg5 Qc7 26. Ba6
Rce8 27. a4 b5 28. axb5 Qa5 29. Rd4 cxb5 30. Bxb5 Rb8 31. Ra4 Qc7 32. Be3
Rb7 33. Rd1 Rfb8 34. Rd5 Qe7 35. Bf4 Nc6 36. Bxc6 Rxb2+ 37. Kc1 e3 38. Rxf5
Bxc3 39. Rxh5+ gxh5 40. Bxb8 e2 41. Qd3+ 1-0

[Event "27th Open"]
[Site "Cappelle la Grande FRA"]
[Date "2011.02.28"]
[Round "4"]
[White "Pogorelov,R"]
[Black "Grandadam,P"]
[Result "1/2-1/2"]
[WhiteElo "2427"]
[BlackElo "2144"]
[EventDate "2011.02.26"]

1. Nf3 d5 2. d4 e6 3. c4 c6 4. Nbd2 Nf6 5. Qc2 Nbd7 6. g3 b6 7. Bg2 Bb7 8.
O-O Be7 9. b3 O-O 10. Bb2 Rc8 11. Rac1 c5 12. Qb1 dxc4 13. Nxc4 cxd4 14.
Bxd4 b5 15. Bxf6 Nxf6 16. Rfd1 Bd5 17. Ne3 Qb6 18. Nxd5 Nxd5 19. Ne5 Nc3
20. Rxc3 Rxc3 21. Nd7 Qc7 22. Nxf8 Bxf8 23. Be4 g6 24. Kg2 a5 25. h4 Ba3
26. h5 Kg7 27. Rh1 Rc1 28. h6+ Kg8 29. Rxc1 Qxc1 30. Qd3 Qxh6 31. Qxb5 Qd2
32. Bb1 Qd5+ 33. Qxd5 exd5 34. g4 Kg7 35. f4 h5 36. gxh5 gxh5 37. Kf3 Kf6
38. Bd3 Ke6 39. e4 dxe4+ 40. Bxe4 f5 41. Bb7 h4 42. Bc8+ Kf6 43. Kg2 Bd6
44. Kh3 Bxf4 45. Kxh4 Ke5 46. Kh3 Bd2 47. Kg2 f4 48. Kf3 1/2-1/2

[Event "27th Open"]
[Site "Cappelle la Grande FRA"]
[Date "2011.02.28"]
[Round "4"]
[White "Thirion,M"]
[Black "Shirazi,K"]
[Result "0-1"]
[WhiteElo "2130"]
[BlackElo "2419"]
[EventDate "2011.02.26"]

1. d4 Nf6 2. c4 b6 3. Nc3 Bb7 4. f3 d5 5. cxd5 Nxd5 6. e4 Nxc3 7. bxc3 e5
8. Qa4+ c6 9. Be3 Bd6 10. Nh3 O-O 11. g3 Qe7 12. Bd3 exd4 13. cxd4 c5 14.
O-O Nc6 15. dxc5 Bxc5 16. Bxc5 Qxc5+ 17. Kg2 Rad8 18. Rac1 Qe3 19. Nf2 Ne5
20. Qxa7 Rd7 21. Bb5 Qxf3+ 22. Kg1 Bxe4 0-1

[Event "27th Open"]
[Site "Cappelle la Grande FRA"]
[Date "2011.02.28"]
[Round "4"]
[White "Couche,D"]
[Black "Aguettaz,M"]
[Result "0-1"]
[WhiteElo "2107"]
[BlackElo "2414"]
[EventDate "2011.02.26"]

1. d4 Nf6 2. c4 g6 3. Nc3 Bg7 4. e4 d6 5. f4 O-O 6. Nf3 c5 7. d5 e6 8. Be2
exd5 9. cxd5 Bg4 10. O-O Nbd7 11. h3 Bxf3 12. Bxf3 Re8 13. g4 h6 14. h4 h5
15. g5 Ng4 16. Bxg4 hxg4 17. e5 dxe5 18. f5 e4 19. fxg6 fxg6 20. Qxg4 Bd4+
21. Kg2 e3 22. Ne2 Rc8 23. Rb1 Nb6 24. Nxd4 cxd4 25. Qxd4 Rc2+ 0-1

[Event "27th Open"]
[Site "Cappelle la Grande FRA"]
[Date "2011.02.28"]
[Round "4"]
[White "Guerra Bastida,D"]
[Black "La Bella,R"]
[Result "1/2-1/2"]
[WhiteElo "2413"]
[BlackElo "2138"]
[EventDate "2011.02.26"]

1. c4 e5 2. Nc3 d6 3. Nf3 f5 4. d4 e4 5. Ng5 Be7 6. Nh3 Nf6 7. Nf4 O-O 8.
h4 c6 9. d5 Na6 10. e3 Nc7 11. Qb3 c5 12. Be2 g6 13. g3 Nd7 14. Bd2 Ne5 15.
a4 a5 16. Nb5 Nxb5 17. cxb5 b6 18. Bc4 Re8 19. O-O-O Bf6 20. Bc3 Qe7 21.
Bxe5 Bxe5 22. Ne6 Ra7 23. h5 g5 24. h6 Qf6 25. Rh5 Bxe6 26. dxe6 Kf8 27.
Kb1 Ke7 28. Bd5 Rg8 29. g4 fxg4 30. Bxe4 Qxf2 31. Bc2 g3 32. Qd3 Ke8 33.
Rf1 Qg2 34. Qf5 Qe2 35. e7 Bf4 36. Bb3 Qxf1+ 37. Ka2 c4 38. Bc2 g2 39. Qc8+
Kxe7 40. Qxg8 Bxe3 41. Qxh7+ Qf7 42. Qe4+ Kf8 43. Qxe3 Qxh5 44. Qxb6 Re7
45. h7 Rxh7 46. Bxh7 Qxh7 47. Qb8+ Kg7 48. Qb7+ Kh6 49. Qxg2 Qd3 50. Qh1+
Kg6 51. Ka1 Qb3 52. Qe4+ Kh6 53. Qe6+ Kh5 54. Qf7+ Kg4 55. Qe6+ Kh5 56.
Qf7+ Kg4 57. Qe6+ Kh5 1/2-1/2

[Event "27th Open"]
[Site "Cappelle la Grande FRA"]
[Date "2011.02.28"]
[Round "4"]
[White "Marholev,D"]
[Black "Van Overdam,Jul"]
[Result "0-1"]
[WhiteElo "2401"]
[BlackElo "2125"]
[EventDate "2011.02.26"]

1. e4 c5 2. Nf3 e6 3. c4 Nc6 4. Nc3 Nd4 5. Nxd4 cxd4 6. Ne2 Qb6 7. d3 Ne7
8. a3 a5 9. Rb1 Nc6 10. Bd2 a4 11. f4 Bc5 12. Ng3 d6 13. Be2 Bd7 14. Nh5
Rg8 15. O-O Na5 16. Kh1 O-O-O 17. Qe1 Nb3 18. Bb4 Rde8 19. Bd1 f5 20. Bxb3
axb3 21. Bxc5 dxc5 22. Qg3 Qd8 23. e5 Ref8 24. Qg5 Qe8 25. Ng3 h6 26. Qh5
Qxh5 27. Nxh5 Be8 28. Ng3 g5 29. Kg1 Kc7 30. a4 Bxa4 31. Nh5 Bc6 32. g3 g4
33. Nf6 Rh8 34. Ra1 Ra8 35. Rfc1 Bf3 36. Kf2 Bc6 37. Kg1 Ra2 38. Rxa2 bxa2
39. Ra1 Ra8 40. Kf2 b5 41. cxb5 Bxb5 42. Ke2 c4 43. Kd2 cxd3 44. b3 Kb6 45.
Nh5 Kc5 46. Ng7 Ra6 0-1

[Event "27th Open"]
[Site "Cappelle la Grande FRA"]
[Date "2011.02.28"]
[Round "4"]
[White "Foisor,O"]
[Black "Gertosio,F"]
[Result "1-0"]
[WhiteElo "2397"]
[BlackElo "2117"]
[EventDate "2011.02.26"]

1. c4 Nf6 2. Nc3 g6 3. e4 d6 4. d4 Bg7 5. f3 O-O 6. Bg5 c5 7. d5 h6 8. Bf4
Nh5 9. Be3 f5 10. exf5 gxf5 11. Nge2 e6 12. Qd2 f4 13. Bxf4 Nxf4 14. Nxf4
e5 15. Nh5 Qh4+ 16. Ng3 e4 17. Ncxe4 Be5 18. Bd3 Bf5 19. Nf2 Bf4 20. Qc2
Re8+ 21. Kf1 Bd7 22. Nf5 Qg5 23. g3 Be3 24. Ng4 Bxf5 25. Bxf5 h5 26. Nxe3
Rxe3 27. Kf2 Na6 28. f4 Qe7 29. Be6+ 1-0

[Event "27th Open"]
[Site "Cappelle la Grande FRA"]
[Date "2011.02.28"]
[Round "4"]
[White "Hegarty,S"]
[Black "Batsiashvili,N"]
[Result "0-1"]
[WhiteElo "2096"]
[BlackElo "2396"]
[EventDate "2011.02.26"]

1. e4 c6 2. d4 d5 3. f3 Qb6 4. a4 a5 5. Qd3 e5 6. exd5 exd4 7. Qe4+ Be7 8.
dxc6 Nxc6 9. Bb5 Nf6 10. Qe2 O-O 11. Kd1 Re8 12. Bd2 Bf5 13. Qf1 Rac8 14.
Na3 Bxa3 15. bxa3 Nd5 16. Bd3 Ne3+ 17. Bxe3 Bxd3 18. Qxd3 dxe3 19. Ke1 Qb2
20. Rd1 Rcd8 0-1

[Event "27th Open"]
[Site "Cappelle la Grande FRA"]
[Date "2011.02.28"]
[Round "4"]
[White "Cabrera Trujillo,J"]
[Black "Gravier,L"]
[Result "1-0"]
[WhiteElo "2382"]
[BlackElo "2110"]
[EventDate "2011.02.26"]

1. Nf3 c5 2. g3 Nf6 3. Bg2 d5 4. O-O e6 5. c4 Be7 6. cxd5 exd5 7. d4 Nc6 8.
Nc3 h6 9. dxc5 Bxc5 10. Bf4 Be6 11. Rc1 O-O 12. Nb5 Bb6 13. Nbd4 Nxd4 14.
Nxd4 Bd7 15. Qd3 Ne4 16. Be3 Re8 17. Rcd1 Rc8 18. Qb3 Rc4 19. Nc2 Bxe3 20.
Nxe3 Nc5 21. Qa3 Rxe3 22. Qxe3 Bc6 23. Qe5 Nd7 24. Qd6 Qb6 25. Bxd5 Bxd5
26. Rxd5 1-0

[Event "27th Open"]
[Site "Cappelle la Grande FRA"]
[Date "2011.02.28"]
[Round "4"]
[White "Suez Panama,G"]
[Black "Collas,D"]
[Result "0-1"]
[WhiteElo "2096"]
[BlackElo "2377"]
[EventDate "2011.02.26"]

1. d4 d5 2. Nf3 Nf6 3. c4 e6 4. g3 dxc4 5. Bg2 Nc6 6. O-O Rb8 7. Qc2 b5 8.
Nc3 a6 9. Rd1 Bb7 10. a3 Be7 11. e4 Na5 12. d5 exd5 13. e5 Ng4 14. h3 Nb3
15. Rb1 Nxc1 16. Qxc1 Nh6 17. b3 cxb3 18. Rxb3 c6 19. Ne4 Qb6 20. Nf6+ gxf6
21. Qxh6 c5 22. Re1 Kd7 23. Rbe3 d4 24. Rd3 Bxf3 25. exf6 Qxf6 26. Qxf6
Bxf6 27. Rxf3 Rb6 28. Rf5 c4 29. Re4 d3 30. Rd5+ Rd6 31. Rxd6+ Kxd6 32. f4
c3 0-1

[Event "27th Open"]
[Site "Cappelle la Grande FRA"]
[Date "2011.02.28"]
[Round "4"]
[White "Payen,Ar"]
[Black "Caroff,F"]
[Result "1/2-1/2"]
[WhiteElo "2367"]
[BlackElo "2104"]
[EventDate "2011.02.26"]

1. Nf3 Nf6 2. c4 g6 3. g3 Bg7 4. Bg2 d6 5. Nc3 O-O 6. O-O Nc6 7. d3 Nh5 8.
Rb1 f5 9. c5 dxc5 10. Qa4 e6 11. Bg5 Qd7 12. Rfc1 h6 13. Bd2 Nd4 14. Qa3
Qd6 15. Nxd4 cxd4 16. Nb5 Qxa3 17. bxa3 c6 18. Nd6 Nf6 19. Nxb7 Nd5 20. Na5
Bd7 21. Nxc6 Nc3 22. Bxc3 dxc3 23. d4 Bxc6 24. Bxc6 Rab8 25. Rxb8 Rxb8 26.
e3 e5 27. Rxc3 exd4 28. Bd5+ Kh8 29. exd4 Bxd4 30. Rd3 Rb1+ 31. Kg2 Bb6 32.
h4 Rb2 33. Rf3 h5 34. a4 Kg7 35. Bb3 Rd2 36. Kf1 Kf6 37. Rf4 Rd4 38. Rf3
Rd2 39. Ke1 Ba5 40. Kf1 Bb6 41. Rf4 Kg7 1/2-1/2

[Event "27th Open"]
[Site "Cappelle la Grande FRA"]
[Date "2011.02.28"]
[Round "4"]
[White "De Verdier,M"]
[Black "Takahashi,R"]
[Result "1-0"]
[WhiteElo "2351"]
[BlackElo "2099"]
[EventDate "2011.02.26"]

1. d4 Nf6 2. Nf3 e6 3. c4 c5 4. d5 exd5 5. cxd5 d6 6. e4 g6 7. h3 Bg7 8.
Bd3 O-O 9. O-O Na6 10. Nc3 Nc7 11. a4 Re8 12. Re1 Nd7 13. Nd2 Qe7 14. Be2
g5 15. Nc4 Ne5 16. Ne3 a6 17. a5 Rb8 18. Na4 Nb5 19. Bxb5 axb5 20. Nb6 c4
21. Nxc8 Rbxc8 22. Nf5 Qf6 23. Bd2 Bf8 24. Re3 Nd3 25. Bc3 Qg6 26. Rxd3
cxd3 27. Qxd3 Rc7 28. f3 Rec8 29. a6 bxa6 30. Rxa6 Rxc3 31. bxc3 Qf6 32.
Rc6 Rb8 33. Qd4 Qxd4+ 34. Nxd4 Kg7 35. Nf5+ Kf6 36. Nxd6 Bxd6 37. Rxd6+ Ke5
38. Rc6 b4 39. cxb4 Rxb4 40. Kh2 h5 41. h4 g4 42. Kg3 gxf3 43. gxf3 f5 44.
Re6+ Kd4 45. d6 1-0

[Event "27th Open"]
[Site "Cappelle la Grande FRA"]
[Date "2011.02.28"]
[Round "4"]
[White "De Groot,M"]
[Black "Bernard,Ch1"]
[Result "0-1"]
[WhiteElo "2081"]
[BlackElo "2348"]
[EventDate "2011.02.26"]

1. e4 c5 2. Nf3 d6 3. d4 cxd4 4. Qxd4 Nc6 5. Bb5 Bd7 6. Bxc6 Bxc6 7. Nc3 e6
8. Bg5 Nf6 9. O-O-O Be7 10. Rhe1 O-O 11. e5 dxe5 12. Qh4 Qc7 13. Nxe5 Rfe8
14. Rd3 Nd5 15. Bxe7 Qxe7 16. Qxe7 Nxe7 17. Nxc6 Nxc6 18. Nb5 Re7 19. a4
Kf8 20. c3 a6 21. Na3 Rc8 22. Red1 Rec7 23. Nc4 Nb4 24. Rd8+ Rxd8 25. Rxd8+
Ke7 26. Rd4 Nd3+ 27. Kd2 Nc5 28. Rh4 Nxa4 29. Ne3 b5 30. Rxh7 Nxb2 31. Rxg7
Na4 32. Nd1 Nc5 33. Rg8 a5 34. Kc2 Ne4 35. f3 Nxc3 36. Nxc3 b4 37. h4 Rxc3+
38. Kd2 a4 39. Rg4 Rb3 40. Kc2 f5 41. Rc4 Kf6 42. g4 fxg4 43. fxg4 Rc3+ 0-1